|
|
|
|
| LEADER |
00000ny a22000003n 4500 |
| 005 |
20110513110930.0 |
| 008 |
071017c19uu9999bl fr pss 0 a0por d |
| 022 |
|
|
|a 1806-7603
|
| 035 |
|
|
|a 4669
|
| 040 |
|
|
|a BUS
|d vLex
|
| 090 |
|
|
|c 1849
|d 1849
|
| 245 |
3 |
0 |
|a Revista Jurd̕ica Eletrãonica Unicoc
|h [Recurso electrn̤ico]
|
| 256 |
|
|
|a Servicio en ln̕ea
|
| 260 |
|
|
|a Brasil :
|b Unicoc
|
| 506 |
1 |
|
|a Contenido solo disponible en los productos indicados
|d vLex Global
|d vLex Global (Academic Edition, excluding Law Schools)
|d vLex Global (U.S. Academic Edition, Law Schools)
|d vLex Global (U.S. Academic Edition, excluding Law Schools)
|d vLex Global (Academic Edition, Law Schools)
|
| 650 |
0 |
4 |
|a Derecho
|z Brasil
|x Publicaciones perid̤icas
|
| 650 |
0 |
4 |
|a Jurisprudencia
|x Publicaciones perid̤icas
|
| 740 |
0 |
|
|a vLex Revista (Servicios en ln̕ea)
|
| 843 |
|
|
|a Electrn̤ica. Abierta
|
| 853 |
|
|
|8 1
|i (year)
|j (month)
|k (day)
|
| 856 |
4 |
0 |
|z Acceso a travš del servicio vLex.
|u http://vlex.com/account/login_ip?fuente_id=4669
|
| 942 |
|
|
|c REV
|